• 首页
  • 本馆介绍
  • 公告通知
  • 最新文献
  • 馆藏检索
  • 电子资源
  • 读者导购
  • 参考咨询
  • 我的图书馆
  • 登录
  • 详细信息显示
  • 放入我的书架
  • 预约/预借图书
  • 作者相关作品
  • 分类相关作品
  • 丛书相关作品
  • 出版社相关作品

书目信息

  • 表格格式
  • 工作单格式
  • 卡片格式
题名:
唐宋八大家散文
    
 
作者: 韩愈 著
分册:  
出版信息: 成都   天地出版社  2022
页数: 454页
开本: 20cm
丛书名:
单 册:
中图分类: I264.2
科图分类:
主题词: 唐宋八大家--古典散文--散文集
电子资源:
ISBN: 978-7-5455-6305-4
000 00621nam0 2200217 450
001 2364775952
005 20231204180014.27
010    @a978-7-5455-6305-4@dCNY45.80
100    @a20220310d2022 em y0chiy50 ea
101 0  @achi
102    @aCN@b510000
105    @aa z 000cy
200 1  @a唐宋八大家散文@Atang song ba da jia san wen@f(唐)韩愈等著
210    @a成都@c天地出版社@d2022
215    @a454页@c图@d20cm
300    @a中华优秀传统文化经典随身读
606 0  @a唐宋八大家@x古典散文@x散文集
690    @aI264.2@v5
701  0 @c(唐)@a韩愈@Ahan yu@4著
801  0 @aCN@b91MARC@c20220314
905    @aZUCC@dI264.2@e11
    
    唐宋八大家散文/(唐)韩愈等著.-成都:天地出版社,2022
    454页:图;20cm
    中华优秀传统文化经典随身读
    
    ISBN 978-7-5455-6305-4:CNY45.80
    
●
相关链接 在五车中查询图书 在当当中查询图书 在豆瓣中查询图书


正题名:唐宋八大家散文     索取号:I264.2/11         预约/预借

序号 登录号 条形码 馆藏地/架位号 状态 备注
1 2001263485   2001263485   辽宁北方(第一批)/辽宁北方(第一批)/245/ [索取号:I264.2/11] 在馆    
2 2001263486   2001263486   辽宁北方(第一批)/辽宁北方(第一批)/245/ [索取号:I264.2/11] 在馆    
3 2001263487   2001263487   辽宁北方(第一批)/辽宁北方(第一批)/245/ [索取号:I264.2/11] 在馆    
4 2001263488   2001263488   辽宁北方(第一批)/辽宁北方(第一批)/245/ [索取号:I264.2/11] 在馆    
5 2001263489   2001263489   辽宁北方(第一批)/辽宁北方(第一批)/245/ [索取号:I264.2/11] 在馆    
6 2001263490   2001263490   辽宁北方(第一批)/辽宁北方(第一批)/245/ [索取号:I264.2/11] 在馆    
山东省滨州职业学院图书馆 欢迎您!
大连网信软件有限公司© 版权所有